000 00359nam a2200145Ia 4500
008 230711s9999||||xx |||||||||||||| ||und||
041 _aENG
082 _a624
_bRA-S
100 _aChandra,Ram
245 0 _aDesign of steel structure
250 _a1st
260 _c1994
_aNew Delhi
_bStandard Publishing Distributors
650 _aCivil Engineering
942 _cBK
999 _c808
_d808